[Event "Serpiano op"]
[Site "Serpiano"]
[Date "2022.11.19"]
[Round "3"]
[White "Pirrello, Christian"]
[Black "Paleologu, Vladimir"]
[Result "0-1"]
[WhiteElo "2105"]
[BlackElo "1973"]
[PlyCount "120"]
[EventDate "2022.11.19"]
[EventType "swiss"]
[EventRounds "5"]
[EventCountry "SUI"]
[SourceTitle "EXT 2024"]
[Source "ChessBase"]
[SourceDate "2023.10.10"]
[SourceVersion "1"]
[SourceVersionDate "2023.10.10"]
[SourceQuality "1"]

1. d4 f5 2. Nc3 Nf6 3. Bg5 g6 4. Bxf6 exf6 5. h4 d5 6. e3 Be6 7. Bd3 Nc6 8. a3 Qd7 9. Qf3 0-0-0 10. Nge2 Ne7 11. b4 h5 12. Nf4 Bf7 13. Bb5 Qd6 14. Nd3 Kb8 15. Nc5 Bh6 16. Bd3 Nc8 17. a4 Rhe8 18. g3 Re7 19. Nb5 Qc6 20. Nc3 Qd6 21. 0-0 Rde8 22. Rfe1 a6 23. a5 c6 24. Kf1 Ka7 25. b5 cxb5 26. Bxb5 Rd8 27. Reb1 Rc7 28. Bd3 Rxc5 29. dxc5 Qxc5 30. Na4 Qxa5 31. Nb6 Qc5 32. Nxc8+ Qxc8 33. Qe2 Rd6 34. Qe1 Bf8 35. Rb2 Rb6 36. Rxb6 Kxb6 37. Qa5+ Ka7 38. Rb1 Bc5 39. Qc3 Qc6 40. Qb2 Bb6 41. Qb4 Bc5 42. Qb2 Bb6 43. Kg1 Be8 44. Bf1 g5 45. hxg5 fxg5 46. Qe5 h4 47. gxh4 gxh4 48. Qxf5 Bg6 49. Qf4 Bxc2 50. Rc1 Qg6+ 51. Kh1 Be4+ 52. f3 Bd3 53. Rc8 a5 54. Qf8 Ka6 55. Ra8+ Kb5 56. Qe8+ Kb4 57. Qe7+ Ka4 58. Qxh4+ Kb3 59. Bh3 Bxe3 60. Rxa5 Qg1# 0-1

[Event "Locarno op 5th"]
[Site "Locarno"]
[Date "2020.10.17"]
[Round "2"]
[White "Mamalis, Prokopios2222"]
[Black "Pirrello, Christian"]
[Result "1-0"]
[WhiteElo "1846"]
[BlackElo "2092"]
[PlyCount "85"]
[EventDate "2020.10.16"]
[EventType "swiss"]
[EventRounds "5"]
[EventCountry "SUI"]
[SourceTitle "CBM 198 Extra"]
[Source "ChessBase"]
[SourceDate "2020.11.30"]
[SourceVersion "1"]
[SourceVersionDate "2020.11.30"]
[SourceQuality "1"]

1. e4 d6 2. d4 Nf6 3. Nc3 e5 4. dxe5 dxe5 5. Qxd8+ Kxd8 6. Nf3 Bd6 7. Bc4 Ke7 8. Bg5 c6 9. 0-0-0 b5 10. Nxb5 cxb5 11. Bd5 Nc6 12. Bxc6 Rb8 13. Bd5 h6 14. Bh4 g5 15. Bg3 Nxd5 16. Rxd5 f6 17. Nd4 Bd7 18. Rd1 Rb6 19. Nf5+ Bxf5 20. exf5 Rc8 21. f3 Rbc6 22. Kb1 a6 23. Be1 Rd8 24. Bb4 h5 25. h3 h4 26. c3 Rd7 27. Kc2 Rb6 28. Rxd6 Rdxd6 29. Rxd6 Rxd6 30. Bxd6+ Kxd6 31. b4 Kd5 32. Kd3 Kc6 33. c4 Kd6 34. c5+ Kd5 35. a3 Kc6 36. Ke4 a5 37. bxa5 Kxc5 38. Kd3 Kc6 39. Kc3 Kc5 40. Kb3 Kd6 41. Kb4 Kc6 42. a6 Kb6 43. a7 1-0

[Event "Vimercate op"]
[Site "Vimercate"]
[Date "2018.11.23"]
[Round "1"]
[White "Contin, Daniel"]
[Black "Pirrello, Christian"]
[Result "1-0"]
[WhiteElo "2265"]
[BlackElo "2006"]
[PlyCount "127"]
[EventDate "2018.11.23"]
[EventType "swiss"]
[EventRounds "5"]
[EventCountry "ITA"]
[SourceTitle "CBM 187 Extra"]
[Source "ChessBase"]
[SourceDate "2018.11.04"]
[SourceVersion "1"]
[SourceVersionDate "2018.11.04"]
[SourceQuality "1"]

1. c4 e6 2. Nf3 d5 3. g3 dxc4 4. Na3 Bxa3 5. Qa4+ b5 6. Qxa3 Bb7 7. Bg2 Qd6 8. b3 cxb3 9. Qxb3 a6 10. Ba3 c5 11. Qc3 Nf6 12. Bxc5 Qc7 13. Qa3 Ne4 14. Bd4 f6 15. Rc1 Qd6 16. Qe3 Nd7 17. 0-0 e5 18. Bb2 0-0 19. Ba3 b4 20. Qb3+ Bd5 21. Qxb4 Qxb4 22. Bxb4 Rfb8 23. Ba3 f5 24. Rc7 Nef6 25. Rfc1 g6 26. Rxd7 Nxd7 27. Nxe5 Bxg2 28. Nxd7 Rd8 29. Rc7 Rxd7 30. Rxd7 Bc6 31. Rd6 Bb5 32. d3 Rc8 33. Bb4 Rc2 34. a4 Bxa4 35. Rxa6 Bb3 36. Ra8+ Kg7 37. Ra7+ Kf6 38. Kf1 Rc1+ 39. Kg2 Bd1 40. Be7+ Ke6 41. Bg5 Rc2 42. Re7+ Kd6 43. Kf1 h6 44. Bf6 Rc7 45. Rxc7 Kxc7 46. Bg7 h5 47. Bh6 Kd6 48. Ke1 Ba4 49. Kd2 Ke6 50. f3 Bc6 51. Kc3 Kf6 52. h4 Ba4 53. Bf4 Ke6 54. Kd2 Bc6 55. e4 fxe4 56. fxe4 Kf6 57. Ke3 Ba4 58. d4 Ke6 59. d5+ Kf6 60. Kd4 Bd1 61. Bg5+ Kf7 62. e5 Bg4 63. e6+ Ke8 64. Ke5 1-0

[Event "Presolana op 35th"]
[Site "Presolana"]
[Date "2015.08.24"]
[Round "2"]
[White "Bosio, Devis"]
[Black "Pirrello, Christian"]
[Result "1/2-1/2"]
[WhiteElo "1971"]
[BlackElo "1917"]
[PlyCount "49"]
[EventDate "2015.08.23"]
[EventType "swiss"]
[EventRounds "8"]
[EventCountry "ITA"]
[SourceTitle "EXT 2024"]
[Source "ChessBase"]
[SourceDate "2023.10.10"]
[SourceVersion "1"]
[SourceVersionDate "2023.10.10"]
[SourceQuality "1"]

1. e4 c6 2. d4 d5 3. exd5 cxd5 4. Bd3 Nc6 5. c3 Nf6 6. Bf4 Bg4 7. Qb3 Qc8 8. Nd2 e6 9. Ngf3 Bxf3 10. Nxf3 Be7 11. 0-0 0-0 12. Rae1 a6 13. Ne5 b5 14. Nxc6 Qxc6 15. a3 Nd7 16. Qd1 Bd6 17. Bxd6 Qxd6 18. Qh5 f5 19. Re3 Nf6 20. Qh4 h6 21. Rg3 Kh8 22. Re1 Ne4 23. Bxe4 dxe4 24. Rge3 Rae8 25. f3 1/2-1/2

[Event "Robecchetto op-A 25th"]
[Site "Robecchetto"]
[Date "2014.12.26"]
[Round "1"]
[White "Medici, Simone"]
[Black "Pirrello, Christian"]
[Result "1-0"]
[WhiteElo "2082"]
[BlackElo "1862"]
[PlyCount "107"]
[EventDate "2014.12.26"]
[EventType "swiss"]
[EventRounds "6"]
[EventCountry "ITA"]
[SourceTitle "EXT 2017"]
[Source "ChessBase"]
[SourceDate "2016.10.25"]
[SourceVersion "1"]
[SourceVersionDate "2016.10.25"]
[SourceQuality "1"]

1. e4 c6 2. d4 d5 3. f3 dxe4 4. fxe4 e5 5. Nf3 exd4 6. Bc4 Be6 7. Bxe6 fxe6 8. Qxd4 Qxd4 9. Nxd4 Kd7 10. Nc3 e5 11. Nf3 Bd6 12. Be3 Nf6 13. 0-0-0 Ke7 14. Rd3 Na6 15. Rhd1 Rhd8 16. Nh4 g6 17. Bg5 Bc7 18. Rf1 Rxd3 19. Bxf6+ Ke6 20. cxd3 Rf8 21. Nf3 Rxf6 22. Ng5+ Ke7 23. Rxf6 Kxf6 24. Nxh7+ Kg7 25. Ng5 Kf6 26. h4 Ba5 27. a3 Bb6 28. Nf3 Be3+ 29. Kc2 Nc5 30. Nd1 Bh6 31. b4 Ne6 32. Nf2 Kg7 33. Nxe5 Bf4 34. Nf3 Bg3 35. Nh1 Bc7 36. d4 Nf4 37. g3 Nh5 38. e5 Kf7 39. Kd3 Ke7 40. Ke4 a5 41. g4 Ng7 42. Ng3 axb4 43. axb4 Ne6 44. h5 Kf7 45. hxg6+ Kxg6 46. Nh5 Kf7 47. Nf4 Ng7 48. Ng5+ Ke7 49. d5 Ne8 50. Ng6+ Kd7 51. Ne6 Bb8 52. Nc5+ Kc8 53. dxc6 bxc6 54. Ne7+ 1-0